[Event "Aragon-chT Honor Titulo"]
[Site "Spain"]
[Date "2011.03.26"]
[Round "8.4"]
[White "Castillo Sanjuan, Daniel"]
[Black "Jimenez Fernandez, Alejandro"]
[Result "1-0"]
[WhiteElo "1944"]
[BlackElo "1966"]
[PlyCount "117"]
[EventDate "2011.03.26"]
[EventType "team-tourn"]
[EventRounds "11"]
[EventCountry "ESP"]
[SourceTitle "EXT 2013"]
[Source "ChessBase"]
[SourceDate "2012.11.22"]
[SourceVersion "1"]
[SourceVersionDate "2012.11.22"]
[SourceQuality "1"]
[WhiteTeam "IberCaja"]
[BlackTeam "IberCaja II"]
[WhiteTeamCountry "ESP"]
[BlackTeamCountry "ESP"]

1. e4 c6 2. d4 d5 3. f3 e6 4. Be3 Qb6 5. b3 Nf6 6. e5 Nfd7 7. Bd3 Nxe5 8. Ne2 Nxd3+ 9. Qxd3 Bd6 10. 0-0 0-0 11. c4 dxc4 12. bxc4 Qc7 13. g3 b6 14. Nbc3 Ba6 15. Ne4 Nd7 16. Rfd1 Be7 17. Bf4 e5 18. dxe5 Nxe5 19. Qc3 f6 20. Nd4 Rfd8 21. Kg2 Qc8 22. Bxe5 fxe5 23. Nc2 Qe6 24. Ne3 Bc5 25. Nxc5 bxc5 26. Rac1 Rxd1 27. Rxd1 Rf8 28. a3 Qf7 29. Rf1 e4 30. fxe4 Qh5 31. Rxf8+ Kxf8 32. Qb2 Qe8 33. Kf3 Qh5+ 34. Kg2 Bc8 35. h4 Qe8 36. Qf2+ Qf7 37. Nf5 Bxf5 38. Qxc5+ Kg8 39. exf5 Qd7 40. Qe5 Qd2+ 41. Kh3 Qd7 42. a4 g6 43. Kg4 Qd1+ 44. Kg5 Qd8+ 45. f6 Kf7 46. Qe7+ Qxe7 47. fxe7 Kxe7 48. Kh6 Ke6 49. g4 Ke5 50. Kxh7 Kf6 51. Kg8 Ke5 52. Kg7 Kd4 53. Kxg6 Kxc4 54. h5 Kb3 55. h6 c5 56. h7 c4 57. h8Q c3 58. Qb8+ Kc2 59. Qxa7 1-0

[Event "Aragon-chT Honor II"]
[Site "Spain"]
[Date "2011.03.19"]
[Round "7.31"]
[White "Carraminana Lopez, Luis Antonio"]
[Black "Jimenez Fernandez, Alejandro"]
[Result "1/2-1/2"]
[WhiteElo "2067"]
[BlackElo "1966"]
[PlyCount "79"]
[EventDate "2011.02.05"]
[EventType "team-tourn"]
[EventRounds "7"]
[EventCountry "ESP"]
[SourceTitle "EXT 2013"]
[Source "ChessBase"]
[SourceDate "2012.11.22"]
[SourceVersion "1"]
[SourceVersionDate "2012.11.22"]
[SourceQuality "1"]
[WhiteTeam "Caissa"]
[BlackTeam "IberCaja II"]
[WhiteTeamCountry "ESP"]
[BlackTeamCountry "ESP"]

1. e4 c6 2. d4 d5 3. Nd2 dxe4 4. Nxe4 Bf5 5. Ng3 Bg6 6. Nh3 e6 7. Nf4 Bd6 8. c3 Nf6 9. h4 Bxf4 10. Bxf4 h6 11. h5 Bh7 12. Bd3 Bxd3 13. Qxd3 Qd5 14. c4 Qa5+ 15. Bd2 Qc7 16. Bb4 Nbd7 17. Qa3 b6 18. Bd6 Qb7 19. 0-0-0 b5 20. Rhe1 Nb6 21. b3 bxc4 22. Nf5 Nxh5 23. g4 g6 24. Ne7 Nf4 25. Qc5 Nd3+ 26. Rxd3 cxd3 27. Qe5 Qxe7 28. Bxe7 Kxe7 29. Qc7+ Nd7 30. Kd2 Rhc8 31. Qf4 g5 32. Qh2 Rh8 33. f4 gxf4 34. Qxf4 Rag8 35. Rf1 f6 36. Kxd3 Rg5 37. Rc1 c5 38. dxc5 Nxc5+ 39. Ke3 Re5+ 40. Qxe5 1/2-1/2

[Event "Aragon-chT Honor II"]
[Site "Spain"]
[Date "2011.03.05"]
[Round "5.28"]
[White "Jimenez Fernandez, Alejandro"]
[Black "Gayan Carceller, Miguel Angel"]
[Result "1-0"]
[WhiteElo "1966"]
[BlackElo "1883"]
[PlyCount "59"]
[EventDate "2011.02.05"]
[EventType "team-tourn"]
[EventRounds "7"]
[EventCountry "ESP"]
[SourceTitle "EXT 2013"]
[Source "ChessBase"]
[SourceDate "2012.11.22"]
[SourceVersion "1"]
[SourceVersionDate "2012.11.22"]
[SourceQuality "1"]
[WhiteTeam "IberCaja II"]
[BlackTeam "Aragon ONCE"]
[WhiteTeamCountry "ESP"]
[BlackTeamCountry "ESP"]

1. d4 e6 2. c4 Nf6 3. Nf3 d5 4. Nc3 Be7 5. cxd5 exd5 6. Bg5 0-0 7. e3 h6 8. Bh4 Be6 9. Bd3 Nbd7 10. 0-0 b6 11. Rc1 c5 12. Bb1 c4 13. Ne5 Nxe5 14. dxe5 Nd7 15. Bxe7 Qxe7 16. Nxd5 Bxd5 17. Qxd5 Nxe5 18. Qe4 f5 19. Qd5+ Kh8 20. Bxf5 Qf6 21. Bb1 Rae8 22. h3 Nd3 23. Rxc4 Rd8 24. Qc6 Qxb2 25. Qg6 Rf6 26. Qe4 Rfd6 27. Rd4 Rxd4 28. exd4 Rxd4 29. Qe8+ Kh7 30. Bxd3+ 1-0

[Event "Aragon-chT Honor II"]
[Site "Spain"]
[Date "2011.02.05"]
[Round "1.20"]
[White "Naya Sancho, Jose Ignacio"]
[Black "Jimenez Fernandez, Alejandro"]
[Result "0-1"]
[WhiteElo "2124"]
[BlackElo "1966"]
[PlyCount "38"]
[EventDate "2011.02.05"]
[EventType "team-tourn"]
[EventRounds "7"]
[EventCountry "ESP"]
[SourceTitle "EXT 2013"]
[Source "ChessBase"]
[SourceDate "2012.11.22"]
[SourceVersion "1"]
[SourceVersionDate "2012.11.22"]
[SourceQuality "1"]
[WhiteTeam "Delicias"]
[BlackTeam "IberCaja II"]
[WhiteTeamCountry "ESP"]
[BlackTeamCountry "ESP"]

1. e4 c6 2. d4 d5 3. exd5 cxd5 4. c4 Nf6 5. Nc3 Nc6 6. Bg5 dxc4 7. Bxc4 e6 8. Nf3 Be7 9. 0-0 0-0 10. Re1 Nd5 11. Bxe7 Ncxe7 12. Ne5 b6 13. Ne4 Bb7 14. Ng5 Ng6 15. Qg4 Nxe5 16. dxe5 Rc8 17. Rad1 Rxc4 18. Qxc4 Qxg5 19. f3 Ne3 0-1

[Event "Aragon-chT"]
[Site "Aragon"]
[Date "2009.01.31"]
[Round "2"]
[White "Jimenez Fernandez, Alejandro"]
[Black "Galvez Perez, Jose Luis"]
[Result "1-0"]
[WhiteElo "1984"]
[BlackElo "2072"]
[PlyCount "51"]
[EventDate "2009.01.24"]
[EventType "team-swiss"]
[EventRounds "9"]
[EventCountry "ESP"]
[SourceTitle "EXT 2011"]
[Source "ChessBase"]
[SourceDate "2010.11.26"]
[SourceVersion "1"]
[SourceVersionDate "2010.11.26"]
[SourceQuality "1"]

1. d4 d6 2. Nf3 g6 3. c4 Bg7 4. Nc3 Nf6 5. e4 0-0 6. Be2 Na6 7. 0-0 e5 8. Re1 exd4 9. Nxd4 Nc5 10. f3 h6 11. b4 Ne6 12. Be3 Nh5 13. Nxe6 fxe6 14. Qd2 g5 15. Rad1 a5 16. b5 b6 17. Bf1 Qe8 18. g3 Rxf3 19. Bg2 g4 20. Bxf3 gxf3 21. Bf2 Qg6 22. Nd5 exd5 23. Qxd5+ Kh7 24. Qxa8 Qg4 25. e5 Nf4 26. Qe4+ 1-0

[Event "ESP-ch U16"]
[Site "Padron"]
[Date "2008.07.24"]
[Round "8"]
[White "Jimenez Fernandez, Alejandro"]
[Black "Molinero Gomez, Sandra"]
[Result "1/2-1/2"]
[WhiteElo "1971"]
[BlackElo "1849"]
[PlyCount "48"]
[EventDate "2008.07.20"]
[EventType "swiss"]
[EventRounds "9"]
[EventCountry "ESP"]
[SourceTitle "EXT 2010"]
[Source "ChessBase"]
[SourceDate "2010.11.25"]
[SourceVersion "1"]
[SourceVersionDate "2010.11.25"]
[SourceQuality "1"]

1. d4 Nf6 2. c4 g6 3. Nc3 Bg7 4. e4 d6 5. Nf3 0-0 6. Be2 Na6 7. Bg5 Qe8 8. 0-0 e5 9. d5 Nh5 10. Nd2 Nf4 11. Rb1 f5 12. f3 h6 13. Bh4 g5 14. Bf2 h5 15. b4 Qg6 16. c5 g4 17. Kh1 Bh6 18. Rg1 Nxe2 19. Qxe2 Bxd2 20. Qxd2 f4 21. cxd6 cxd6 22. Bh4 Rf7 23. Na4 Bd7 24. b5 Nc5 1/2-1/2

[Event "ESP-ch U16"]
[Site "Padron"]
[Date "2008.07.20"]
[Round "2"]
[White "Jimenez Fernandez, Alejandro"]
[Black "Senlle Caride, Miguel"]
[Result "1/2-1/2"]
[WhiteElo "1971"]
[BlackElo "2289"]
[PlyCount "30"]
[EventDate "2008.07.20"]
[EventType "swiss"]
[EventRounds "9"]
[EventCountry "ESP"]
[SourceTitle "EXT 2010"]
[Source "ChessBase"]
[SourceDate "2010.11.25"]
[SourceVersion "1"]
[SourceVersionDate "2010.11.25"]
[SourceQuality "1"]

1. d4 Nf6 2. Nf3 g6 3. c4 Bg7 4. Nc3 c5 5. d5 d6 6. e4 Bg4 7. Be2 Bxf3 8. Bxf3 0-0 9. 0-0 e6 10. dxe6 Nc6 11. exf7+ Rxf7 12. Bg5 Qf8 13. Qd2 Nd4 14. Be2 Re8 15. f3 Nh5 1/2-1/2

[Event "Aragon-chT"]
[Site "Aragon"]
[Date "2008.02.09"]
[Round "2"]
[White "Moreno Gracia, Daniel"]
[Black "Jimenez Fernandez, Alejandro"]
[Result "1-0"]
[WhiteElo "2188"]
[BlackElo "1898"]
[PlyCount "67"]
[EventDate "2008.02.02"]
[EventType "team-swiss"]
[EventRounds "12"]
[EventCountry "ESP"]
[SourceTitle "EXT 2011"]
[Source "ChessBase"]
[SourceDate "2010.11.26"]
[SourceVersion "1"]
[SourceVersionDate "2010.11.26"]
[SourceQuality "1"]

1. c4 e5 2. Nc3 g6 3. g3 Bg7 4. Bg2 d6 5. Nf3 f5 6. d3 Nf6 7. 0-0 0-0 8. Rb1 Nc6 9. b4 h6 10. b5 Ne7 11. c5 Be6 12. Ba3 g5 13. cxd6 cxd6 14. Nd2 Rc8 15. Rc1 b6 16. Qa4 Qd7 17. Nc4 Ne8 18. Qb4 Bxc4 19. dxc4 e4 20. Rfd1 Ng6 21. Nd5 Ne5 22. Bb2 Qe6 23. a4 Nf6 24. Ba3 Nf7 25. Bh3 Rfe8 26. Ne3 Ng4 27. Bxg4 fxg4 28. Rd5 Rc5 29. Qb1 Rxd5 30. cxd5 Qd7 31. Rc4 Qe7 32. Qc2 Ne5 33. Rxe4 Qd7 34. Nc4 1-0

[Event "ESP-ch U16"]
[Site "Padron"]
[Date "2008.??.??"]
[Round "7"]
[White "Ladron de Guevara Pinto, Paolo"]
[Black "Jimenez Fernandez, Alejandro"]
[Result "1-0"]
[WhiteElo "2141"]
[BlackElo "1971"]
[PlyCount "85"]
[EventDate "2008.07.20"]
[EventType "swiss"]
[EventRounds "9"]
[EventCountry "ESP"]
[SourceTitle "EXT 2010"]
[Source "ChessBase"]
[SourceDate "2010.11.25"]
[SourceVersion "1"]
[SourceVersionDate "2010.11.25"]
[SourceQuality "1"]

1. e4 c6 2. d4 d5 3. f3 dxe4 4. fxe4 e5 5. Nf3 exd4 6. Bc4 Be7 7. 0-0 Be6 8. Bxe6 fxe6 9. Nxd4 Nf6 10. Nxe6 Qxd1 11. Rxd1 Na6 12. Nc3 Kf7 13. Ng5+ Kg6 14. h3 Nb4 15. Nf3 Bc5+ 16. Kh2 Rhe8 17. e5 Nfd5 18. Nxd5 Nxd5 19. c4 Nb6 20. b3 Rad8 21. Bb2 Nd7 22. Rd3 Nf8 23. Rad1 Ne6 24. Rd7 h6 25. Kg3 a6 26. R1d3 Bb6 27. R3d6 Rxd7 28. Rxd7 Nc5 29. Rd6+ Kf7 30. b4 Ne4+ 31. Kf4 Nxd6 32. exd6 c5 33. a3 Rd8 34. Ke5 Ba7 35. Kd5 Ke8 36. bxc5 Rc8 37. Bd4 Bb8 38. Bxg7 h5 39. Ne5 Rd8 40. Bf6 Rd7 41. Nxd7 Kxd7 42. g4 hxg4 43. hxg4 1-0